[Event "Montevideo Municipal op"]
[Site "Montevideo"]
[Date "2017.08.30"]
[Round "1"]
[White "Ponce, Leonardo"]
[Black "Muniz, Gonzalo"]
[Result "0-1"]
[WhiteElo "1708"]
[BlackElo "1957"]
[PlyCount "84"]
[EventDate "2017.08.30"]
[EventType "swiss"]
[EventRounds "7"]
[EventCountry "URU"]
[SourceTitle "CBM 180 Extra"]
[Source "ChessBase"]
[SourceDate "2017.10.06"]
[SourceVersion "1"]
[SourceVersionDate "2017.10.06"]
[SourceQuality "1"]

1. d4 Nf6 2. Bf4 g6 3. Nf3 Bg7 4. e3 0-0 5. Be2 d6 6. h3 b6 7. Nbd2 Bb7 8. 0-0 Nbd7 9. c3 Re8 10. Qb3 e5 11. Bh2 e4 12. Nh4 h5 13. Nxg6 Bd5 14. c4 Bb7 15. Nf4 h4 16. Qd1 Nf8 17. g4 N6h7 18. Nh5 Ng5 19. Kg2 Bh8 20. Qc2 Bc8 21. Rg1 f5 22. gxf5 Bxf5 23. Bf4 Nxh3 24. Rh1 Nxf4+ 25. exf4 h3+ 26. Kh2 Qh4 27. Rag1+ Kf7 28. Ng3 Qxf4 29. Bh5+ Ng6 30. Ndf1 Bxd4 31. Ne3 Be5 32. Nd5 Qh4 33. Bxg6+ Bxg6 34. Nxc7 Rac8 35. Nxe8 Rxe8 36. Qa4 Re7 37. Qb3 Kf8 38. Qd1 Rf7 39. Qe2 Rf3 40. Qf1 Bf5 41. b3 e3 42. Rg2 Rxf2 0-1

[Event "URU-chT Provinces"]
[Site "Montevideo"]
[Date "2017.08.27"]
[Round "5.4"]
[White "Cuello, Alberto"]
[Black "Ponce, Leonardo"]
[Result "0-1"]
[WhiteElo "1750"]
[BlackElo "1708"]
[PlyCount "62"]
[EventDate "2017.08.25"]
[EventType "team-swiss"]
[EventRounds "5"]
[EventCountry "URU"]
[SourceTitle "EXT 2019"]
[Source "ChessBase"]
[SourceDate "2018.10.10"]
[SourceVersion "1"]
[SourceVersionDate "2018.10.10"]
[SourceQuality "1"]
[WhiteTeam "Maldonado II"]
[BlackTeam "Montevideo Vladivostok"]
[WhiteTeamCountry "URU"]
[BlackTeamCountry "URU"]

1. e4 e6 2. Nf3 d5 3. exd5 exd5 4. d4 Bf5 5. Bf4 Bd6 6. Be5 Nf6 7. Be2 0-0 8. 0-0 Re8 9. Nc3 c6 10. Qd2 Bxe5 11. Nxe5 Nbd7 12. g4 Bg6 13. f4 Ne4 14. Nxe4 Bxe4 15. Bf3 Bxf3 16. Rxf3 Nf6 17. g5 Ne4 18. Qg2 f6 19. gxf6 Qxf6 20. Kh1 Qf5 21. Rg1 Re7 22. Ng4 Kh8 23. Ne3 Qf6 24. c3 Rg8 25. f5 Rf7 26. Rh3 g6 27. Ng4 Qxf5 28. Qe2 Re8 29. Ne5 Rxe5 30. Rf3 Ng3+ 31. Rgxg3 Rxe2 0-1

[Event "Montevideo Trebejos op 03"]
[Site "Montevideo"]
[Date "2017.03.16"]
[Round "6"]
[White "Vaz Lacuesta, Leonardo"]
[Black "Ponce, Leonardo"]
[Result "1-0"]
[WhiteElo "2145"]
[BlackElo "1702"]
[PlyCount "79"]
[EventDate "2017.03.06"]
[EventType "swiss"]
[EventRounds "7"]
[EventCountry "URU"]
[SourceTitle "CBM 177 Extra"]
[Source "ChessBase"]
[SourceDate "2017.04.27"]
[SourceVersion "1"]
[SourceVersionDate "2017.04.27"]
[SourceQuality "1"]

1. e4 e6 2. d4 d5 3. Nc3 dxe4 4. Nxe4 Bd7 5. Nf3 Bc6 6. Bd3 Nd7 7. 0-0 Ngf6 8. Qe2 Nxe4 9. Bxe4 Bxe4 10. Qxe4 c6 11. Re1 Bd6 12. Bg5 Nf6 13. Qe3 h6 14. Bh4 Qc7 15. Ne5 0-0-0 16. c4 Rde8 17. Qf3 Bxe5 18. dxe5 Nh7 19. b4 g5 20. Bg3 Nf8 21. a4 h5 22. h3 Ng6 23. a5 Rd8 24. Qe3 Kb8 25. f3 Ne7 26. Bf2 Nc8 27. b5 cxb5 28. cxb5 Rd5 29. b6 Qe7 30. bxa7+ Ka8 31. Reb1 Rhd8 32. Qe4 Qd7 33. Kh2 h4 34. Bb6 Nxb6 35. Rxb6 Qc7 36. Rab1 f5 37. Qa4 Qxe5+ 38. Kh1 R8d7 39. a6 bxa6 40. Qc6+ 1-0

[Event "Montevideo Trebejos op 09"]
[Site "Montevideo"]
[Date "2016.10.03"]
[Round "3"]
[White "Ponce, Leonardo"]
[Black "Gomez Troccoli, Martin"]
[Result "1-0"]
[WhiteElo "1683"]
[BlackElo "1907"]
[PlyCount "69"]
[EventDate "2016.09.28"]
[EventType "swiss"]
[EventRounds "7"]
[EventCountry "URU"]
[SourceTitle "EXT 2018"]
[Source "ChessBase"]
[SourceDate "2017.10.13"]
[SourceVersion "1"]
[SourceVersionDate "2017.10.13"]
[SourceQuality "1"]

1. d4 e6 2. Nf3 c5 3. Bf4 Nf6 4. e3 Qb6 5. Qc1 Nh5 6. Be5 Nc6 7. c3 f6 8. dxc5 Bxc5 9. Bd4 Nxd4 10. exd4 Bd6 11. Nbd2 Bf4 12. g4 0-0 13. gxh5 d5 14. Qc2 e5 15. Qb3 Qc6 16. Bg2 e4 17. Ng1 Kh8 18. Ne2 Bg5 19. Nf1 Bh4 20. Ne3 Be6 21. Nf4 Rad8 22. Qd1 f5 23. Ng6+ hxg6 24. hxg6 Bg5 25. Qh5+ Bh6 26. Bh3 Qd7 27. Rg1 f4 28. Bxe6 Qxe6 29. Ng4 Rf5 30. Qh4 Rg5 31. 0-0-0 Qxg6 32. Ne5 Qf6 33. Rxg5 Kg8 34. Rh5 Qb6 35. Rxh6 1-0

[Event "URU-ch sf"]
[Site "Montevideo"]
[Date "2012.02.20"]
[Round "6"]
[White "Soto, Nicolas"]
[Black "Ponce, Leonardo"]
[Result "1-0"]
[WhiteElo "2003"]
[BlackElo "1447"]
[PlyCount "57"]
[EventDate "2012.02.17"]
[EventType "swiss"]
[EventRounds "9"]
[EventCountry "URU"]
[SourceTitle "EXT 2014"]
[Source "ChessBase"]
[SourceDate "2013.11.20"]
[SourceVersion "1"]
[SourceVersionDate "2013.11.20"]
[SourceQuality "1"]

1. e4 c5 2. Nf3 d6 3. d4 cxd4 4. Nxd4 Nf6 5. Nc3 a6 6. f3 e5 7. Nb3 Be6 8. Be3 Be7 9. Qd2 Nbd7 10. g4 0-0 11. g5 Nh5 12. 0-0-0 Qc7 13. Kb1 b5 14. Ne2 g6 15. Ng3 Ng7 16. h4 Rfc8 17. h5 gxh5 18. Nxh5 Nxh5 19. Rxh5 Kg7 20. Bd3 Rh8 21. Rdh1 Nf8 22. f4 Bc4 23. f5 f6 24. g6 Nxg6 25. fxg6 Kxg6 26. Qg2+ Kf7 27. Rxh7+ Rxh7 28. Rxh7+ Ke8 29. Bxc4 1-0

[Event "URU-ch sf"]
[Site "Montevideo"]
[Date "2012.02.19"]
[Round "4"]
[White "Guerrero, Alvaro"]
[Black "Ponce, Leonardo"]
[Result "1-0"]
[WhiteElo "2151"]
[BlackElo "1447"]
[PlyCount "43"]
[EventDate "2012.02.17"]
[EventType "swiss"]
[EventRounds "9"]
[EventCountry "URU"]
[SourceTitle "EXT 2014"]
[Source "ChessBase"]
[SourceDate "2013.11.20"]
[SourceVersion "1"]
[SourceVersionDate "2013.11.20"]
[SourceQuality "1"]

1. d4 Nf6 2. c4 g6 3. Nc3 d5 4. cxd5 Nxd5 5. e4 Nxc3 6. bxc3 Bg7 7. Bc4 0-0 8. Ne2 c5 9. 0-0 cxd4 10. cxd4 Nc6 11. Be3 Bg4 12. f3 Bd7 13. Rc1 Rc8 14. Qd2 e6 15. Rfd1 Na5 16. Bd3 Nc6 17. Rb1 Na5 18. Bg5 f6 19. Be3 a6 20. d5 Nc4 21. Bxc4 Rxc4 22. dxe6 1-0

[Event "URU-ch sf"]
[Site "Montevideo"]
[Date "2012.02.17"]
[Round "1"]
[White "Silveira, Shubert"]
[Black "Ponce, Leonardo"]
[Result "1/2-1/2"]
[WhiteElo "2079"]
[BlackElo "1447"]
[PlyCount "52"]
[EventDate "2012.02.17"]
[EventType "swiss"]
[EventRounds "9"]
[EventCountry "URU"]
[SourceTitle "EXT 2014"]
[Source "ChessBase"]
[SourceDate "2013.11.20"]
[SourceVersion "1"]
[SourceVersionDate "2013.11.20"]
[SourceQuality "1"]

1. e4 c5 2. Nf3 d6 3. d4 cxd4 4. Nxd4 Nf6 5. Nc3 a6 6. f3 e5 7. Nb3 Be6 8. Be3 b5 9. Qd2 Be7 10. 0-0-0 Qc7 11. g4 0-0 12. h4 Rd8 13. Qf2 Nbd7 14. h5 Rac8 15. g5 Ne8 16. Bh3 Rb8 17. g6 h6 18. gxf7+ Bxf7 19. Rhg1 Kh8 20. Qd2 Bf8 21. Bf5 Nc5 22. Bg6 Nxb3+ 23. axb3 Bxb3 24. Nd5 Bxd5 25. Qxd5 Nf6 26. Qe6 Qe7 1/2-1/2